| 000 | 00371nam a22001337a 4500 | ||
|---|---|---|---|
| 008 | 230619b xxu||||| |||| 00| 0 eng d | ||
| 082 |
_a305.42 _bADH |
||
| 100 | _cMary Adhiambo Mbeo | ||
| 245 |
_aWomen and Law in Kenya _bperspectives and emerging issues |
||
| 260 |
_aNairobi _bPublic law institute _c1989 |
||
| 300 | _a130p | ||
| 700 | _cOki ooko-Ombaka | ||
| 942 |
_2ddc _cBK |
||
| 999 |
_c1403 _d1403 |
||